00437nam a2200133Ia 4500008004100000245009000041260003500131260000900166300001000175500001100185650001600196999001900212952007200231170224s9999 xx 000 0 und d 4aThe effect of disgust and fear modeling on children’s disgust and fear for animals. bJournal of Abnormal Psychology c2014 a123:3 aAugust xPsychology. c316734d316734 001040aCLbCLd2017-02-24l0r2017-02-24 00:00:00w2017-02-24ySE